ဂုဏ်တော်ရှုပွားအကျိုးများ / (Record no. 20148)

000 -LEADER
fixed length control field 00753nam a2200217Ia 4500
003 - CONTROL NUMBER IDENTIFIER
control field OSt
005 - DATE AND TIME OF LATEST TRANSACTION
control field 20250218095826.0
007 - PHYSICAL DESCRIPTION FIXED FIELD--GENERAL INFORMATION
fixed length control field ca aa aaaaa
008 - FIXED-LENGTH DATA ELEMENTS--GENERAL INFORMATION
fixed length control field 201103s9999 xx 000 0 und d
040 ## - CATALOGING SOURCE
Transcribing agency SSBUL
041 ## - LANGUAGE CODE
Language code of text/sound track or separate title bur
082 ## - DEWEY DECIMAL CLASSIFICATION NUMBER
Classification number ၂၉၄.၃၄၃၇
Edition number 23
Item number မာ
100 ## - MAIN ENTRY--PERSONAL NAME
Personal name မာဂဓီ၊ သာစည်
245 #0 - TITLE STATEMENT
Title ဂုဏ်တော်ရှုပွားအကျိုးများ /
Statement of responsibility, etc. မာဂဓီ သာစည် ။
260 ## - PUBLICATION, DISTRIBUTION, ETC.
Place of publication, distribution, etc. ရန်ကုန် ၊
Name of publisher, distributor, etc. သာသနာဦးစီးဌာန ၊
Date of publication, distribution, etc. ၁၉၈၆ ။
300 ## - PHYSICAL DESCRIPTION
Extent ဃ၊ ၈၇ စာမျက်နှာ ၊
Dimensions ၂၀ စင်တီ ။
500 ## - GENERAL NOTE
General note S-SAT: Dr. Sai Aung Tun
942 ## - ADDED ENTRY ELEMENTS (KOHA)
Koha item type Books (Long term)
Source of classification or shelving scheme
Source of classification or shelving scheme
Source of classification or shelving scheme
Holdings
Withdrawn status Lost status Source of classification or shelving scheme Damaged status Not for loan Collection code Permanent Location Current Location Shelving location Date acquired Total Checkouts Full call number Barcode Date last seen Date last checked out Price effective from Koha item type Accession
          Myanmar Collection Shan State Buddhist University Library Shan State Buddhist University Library Myanmar Shelves 17/02/2023 2 ၂၉၄.၃၄၃၇ မာ ၁၃၉၂ MB00001392 25/02/2026 27/01/2026 17/02/2023 Books (Long term) ၁၃၉၂
          Special Collections Shan State Buddhist University Library Shan State Buddhist University Library Special Collection Shelves 28/10/2024   ၂၉၄.၃၄၃၇ မာ ၁၃၀၉၅(၁) S-SAT MB00013095 28/10/2024   17/02/2023 Book (Short term) ၁၃၀၉၅(၁) S-SAT
          Special Collections Shan State Buddhist University Library Shan State Buddhist University Library Special Collection Shelves 28/10/2024   ၂၉၄.၃၄၃၇ မာ ၁၃၀၉၆(၂) S-SAT MB00013096 28/10/2024   17/02/2023 Book (Short term) ၁၃၀၉၆(၂) S-SAT

Library - 09407999929
Admin Office - 09407999979
Dean Office - 09250910768
Registrar Office - 09892297154
Email - [email protected]
Shan State Buddhist University, Phaya Phyu Taunggyi, Shan State, Myanmar.